000 00343nam a2200097Ia 4500
008 220120s9999||||xx |||||||||||||| ||und||
100 _aGajendra, Shruthi and Parvathy
_912134
245 0 _aBackground noise elemination by adaptive filteration
260 _aCoorg Institute of Technology
_bPonnampet
_c2008
650 _aELECTRONICS AND COMMUNICATIONS
999 _c137719
_d137719